00187nam a2200061Ia 4500008004100000100001500041245006900056120527s9999 xx 000 0 und d aAJAYI, E.A aStrategies for farming systems development in sub-saharan Africa